|
|
|
|
| LEADER |
00000nam0a2200000 4500 |
| 001 |
53085 |
| 005 |
20240314144047.0 |
| 035 |
|
|
|a (RuTPU)RU\TPU\book\55665
|
| 090 |
|
|
|a 53085
|
| 100 |
|
|
|a 20030611d1973 m y0rusy50 ca
|
| 101 |
0 |
|
|a rus
|
| 102 |
|
|
|a RU
|
| 105 |
|
|
|a a j 001zy
|
| 200 |
1 |
|
|a Физическая химия
|e учебное пособие
|f А. Г. Стромберг, Д. П. Семченко
|g под ред. А. Г. Стромберга
|
| 210 |
|
|
|a Москва
|c Высшая школа
|d 1973
|
| 215 |
|
|
|a 479 с.
|c ил.
|
| 320 |
|
|
|a Библиогр.: с. 467-477.
|
| 330 |
|
|
|a В учебном пособии рассматриваются основные вопросы физической химии: строение вещества, химическая и статистическая термодинамика, электрохимия, химическая кинетика, катализ. Изложение теоретических вопросов подтверждено математическими выводами. Книга написана на современном уровне с использованием новых достижений в области квантовой химии, химической кинетики и катализа, электрохимии и т. п. Количественные характеристики приведены в Международной системе единиц СИ.
|
| 451 |
|
1 |
|0 (RuTPU)RU\TPU\book\33543
|t Физическая химия
|o учебное пособие
|f А. Г. Стромберг, Д. П. Семченко
|c М.
|n Высшая школа
|d 1988
|p 496 с.
|a Стромберг, Армин Генрихович
|
| 606 |
1 |
|
|a Физическая химия
|2 stltpush
|3 (RuTPU)RU\TPU\subj\67669
|9 83390
|
| 610 |
1 |
|
|a вещество
|
| 610 |
1 |
|
|a термодинамика
|
| 610 |
1 |
|
|a химическое равновесие
|
| 610 |
1 |
|
|a фазовое равновесие
|
| 610 |
1 |
|
|a растворы
|
| 610 |
1 |
|
|a электрохимия
|
| 610 |
1 |
|
|a химическая кинетика
|
| 610 |
1 |
|
|a катализ
|
| 610 |
1 |
|
|a труды учёных ТПУ
|
| 610 |
1 |
|
|a строение
|
| 675 |
|
|
|a 544(075.8)
|v 3
|
| 700 |
|
1 |
|a Стромберг
|b А. Г.
|c химик, специалист в области классической полярографии и инверсионной вольтамперометрии
|c профессор Томского политехнического института
|f 1910-2004
|g Армин Генрихович
|3 (RuTPU)RU\TPU\pers\11188
|4 070
|9 2478
|
| 701 |
|
1 |
|a Семченко
|b Д. П.
|g Дмитрий Платонович
|
| 702 |
|
1 |
|a Стромберг
|b А. Г.
|g Армин Генрихович
|4 340
|
| 801 |
|
1 |
|a RU
|b 63413507
|c 20030611
|g PSBO
|
| 801 |
|
2 |
|a RU
|b 63413507
|c 20200608
|g PSBO
|
| 942 |
|
|
|c BK
|